Statistics for Countries beginning with D

Click here to take the quiz!

General Stats

  • This quiz has been taken 30 times
  • The average score is 5 of 5

Answer Stats

HintAnswer% Correct
EuropeDenmark
100%
AfricaDjibouti
96%
North AmericaDominica
96%
North AmericaDominican Republic
96%
AfricaDemocratic Republic of the Congo
85%

Score Distribution

Percentile by Number Answered

Percent of People with Each Score

Your Score History

You have not taken this quiz